Statistics for Top 15 Countries with Covid-19 Cases - 20 Mar 2021

Click here to take the quiz!

General Stats

  • This quiz has been taken 23 times
  • The average score is 18 of 28

Answer Stats

country% Correct
United States
100%
Russia
95%
United Kingdom
95%
Brazil
90%
Italy
90%
Spain
90%
Germany
86%
India
86%
Mexico
86%
Argentina
81%
France
81%
Netherlands
76%
Sweden
76%
Poland
71%
Iran
67%
Portugal
62%
Turkey
62%
Belgium
57%
Colombia
52%
Switzerland
52%
Czechia
48%
Israel
43%
Lithuania
38%
Slovenia
38%
Estonia
29%
Panama
24%
Bahrain
19%
Georgia
14%

Score Distribution

Percentile by Number Answered

Percent of People with Each Score

Your Score History

You have not taken this quiz